000 01198nam a2200289 a 4500
003 DO-SdBNP
005 20240905101900.0
007 ta
008 211014e2008 dr aob|gr|||| 001 0 spa d
020 _a9788482984117
040 _aDO-SdBNP
_bspa
_cBNPHU
082 4 _222
_bB167r
100 1 _aBaker, Christopher P.
_980224
245 1 0 _aRepública Dominicana [Texto impreso]: /
_bChristopher P. Baker ; fotografías de Gilles Mingasson ; traducción, Álvaro García, Henar Recuero y Moisés Ramírez
260 _aEspaña :
_bRBA,
_c2008
300 _a239 p. :
_b il., mapas, planos ;
_c22 cm.
490 0 _aGuías Audi
505 0 _tHistoria y Cultura.--
_tSanto Domingo.--
_tEl Sureste.--
_tLa península de Samaná.--
_tLa costa norte.--
_tEl Cibao.--
_tCordillera Central.--
_tEl suroeste.--
_tInformación práctica.--
590 _aInventariado 2021 / MF
650 4 _aGuías turísticas
_xRepública Dominicana
_980228
700 1 _4
_aMingasson, Gilles
_efotografías
_980225
700 _933594
_aGarcía, Álvaro,
_eilustrador
700 1 _aRecuero, Henar,
_eilustrador
_980226
700 1 _99468
_aRamírez, Moisés,
_eilustrador
830 0 _aGuías Audi
_980227
_lspa
942 _2ddc
_cLBS1
999 _c50753
_d50753